000 00360nam a2200109Ia 4500
008 171204s9999 xx 000 0 und d
245 _aWhen Luxury Meets Art: Forms of Collaboration between Luxury Brands and the Arts
245 _cOlga Louisa Kastner
260 _c2014
650 _xArt Appreciation
856 _uhttp://down.ebook777.com/058/9783658045753.pdf
999 _c345469
_d345469